[Event "Mittelrhein Regionalliga 16/17"]
[Site "Nordrheinwestfalen"]
[Date "2016.09.11"]
[Round "1.6"]
[White "Schniggenberg, Gerd"]
[Black "Kohn, Sandro"]
[Result "1/2-1/2"]
[WhiteElo "1860"]
[BlackElo "2097"]
[PlyCount "89"]
[EventDate "2016.09.11"]
[EventType "team-tourn"]
[EventRounds "11"]
[EventCountry "GER"]
[SourceTitle "EXT 2022"]
[Source "ChessBase"]
[SourceDate "2021.10.06"]
[SourceVersion "1"]
[SourceVersionDate "2021.10.06"]
[SourceQuality "1"]
[WhiteTeam "Godesberg III"]
[BlackTeam "Godesberg II"]
[WhiteTeamCountry "GER"]
[BlackTeamCountry "GER"]

1. e4 c5 2. c3 Nf6 3. e5 Nd5 4. d4 cxd4 5. Qxd4 e6 6. Bc4 Nc6 7. Qe4 d6 8. exd6 Qxd6 9. Nf3 Be7 10. 0-0 0-0 11. Rd1 Nf6 12. Qe2 Qc7 13. Bg5 a6 14. Nbd2 b5 15. Bd3 Bb7 16. c4 b4 17. Ne4 Nxe4 18. Qxe4 g6 19. Qh4 f6 20. Be3 Rfd8 21. Be2 Rxd1+ 22. Rxd1 Rd8 23. Rxd8+ Qxd8 24. Qe4 Qd7 25. Qd3 Qxd3 26. Bxd3 Kf7 27. Kf1 Nb8 28. Nd2 f5 29. f4 Bf6 30. b3 Nc6 31. Nf3 Ke7 32. Kf2 Kd7 33. g3 Kc7 34. Bc5 Kd7 35. Ke3 Kc7 36. Nd4 Nxd4 37. Bxd4 Be7 38. Be2 Be4 39. Bf3 Bxf3 40. Kxf3 Kc6 41. Ke3 Bd6 42. h3 Be7 43. Kf3 Bd8 44. g4 Be7 45. Ke3 1/2-1/2

[Event "Mittelrhein Regionalliga 1314"]
[Site "Mittelrhein"]
[Date "2013.12.15"]
[Round "5.6"]
[White "Dzierzenga, Stefan"]
[Black "Kohn, Sandro"]
[Result "1-0"]
[WhiteElo "2088"]
[BlackElo "2095"]
[PlyCount "95"]
[EventDate "2013.09.15"]
[EventType "team-tourn"]
[EventRounds "11"]
[EventCountry "GER"]
[SourceTitle "EXT 2023"]
[Source "ChessBase"]
[SourceDate "2022.10.05"]
[SourceVersion "1"]
[SourceVersionDate "2022.10.05"]
[SourceQuality "1"]
[WhiteTeam "Bonn Beuel"]
[BlackTeam "Godesberg II"]
[WhiteTeamCountry "GER"]
[BlackTeamCountry "GER"]

1. e4 c5 2. b3 Nf6 3. e5 Nd5 4. Bb2 e6 5. Nf3 Be7 6. g3 0-0 7. Bg2 d6 8. exd6 Qxd6 9. 0-0 Nc6 10. Nc3 Nxc3 11. Bxc3 e5 12. d3 Be6 13. Nd2 Qd7 14. Nc4 f6 15. Na5 Nxa5 16. Bxa5 Rac8 17. Bc3 b5 18. Qe2 Rfe8 19. Rfd1 Bf8 20. a4 a6 21. axb5 axb5 22. Ra5 Bg4 23. Bf3 Bxf3 24. Qxf3 Red8 25. Rda1 Re8 26. Ra7 Rc7 27. Rxc7 Qxc7 28. Qd5+ Qf7 29. Qc6 Rb8 30. Ra8 Rxa8 31. Qxa8 Qd7 32. Bd2 Kf7 33. Be3 g6 34. Qa6 f5 35. Qb6 f4 36. Bxc5 Bxc5 37. Qxc5 f3 38. Qxe5 Kg8 39. Qe4 Qf7 40. c4 bxc4 41. dxc4 h5 42. Qd5 Qxd5 43. cxd5 Kf7 44. Kf1 Kf6 45. Ke1 Ke5 46. Kd2 g5 47. h3 Kxd5 48. Ke3 1-0

[Event "Mittelrhein Regionalliga 1314"]
[Site "Mittelrhein"]
[Date "2013.09.15"]
[Round "1.6"]
[White "Schenk, Uwe"]
[Black "Kohn, Sandro"]
[Result "1/2-1/2"]
[WhiteElo "2017"]
[BlackElo "2095"]
[PlyCount "107"]
[EventDate "2013.09.15"]
[EventType "team-tourn"]
[EventRounds "11"]
[EventCountry "GER"]
[SourceTitle "EXT 2023"]
[Source "ChessBase"]
[SourceDate "2022.10.05"]
[SourceVersion "1"]
[SourceVersionDate "2022.10.05"]
[SourceQuality "1"]
[WhiteTeam "Godesberg III"]
[BlackTeam "Godesberg II"]
[WhiteTeamCountry "GER"]
[BlackTeamCountry "GER"]

1. d4 d5 2. c4 e6 3. Nf3 Nf6 4. g3 Be7 5. Bg2 0-0 6. 0-0 b6 7. Ne5 Bb7 8. Nc3 Na6 9. cxd5 exd5 10. Qa4 Qe8 11. Qb3 c6 12. Bf4 Nh5 13. Bd2 Nc7 14. Rad1 Nf6 15. e4 dxe4 16. Nxe4 Nfd5 17. Rfe1 f6 18. Nd3 Qf7 19. Qa4 a5 20. a3 Rfe8 21. Bf4 Rad8 22. Bxc7 Nxc7 23. Nc3 Ne6 24. d5 cxd5 25. Qb3 Rd6 26. Nf4 Nxf4 27. gxf4 Red8 28. Nb5 R6d7 29. Bh3 Qg6+ 30. Kf1 f5 31. Re5 Rf8 32. Bg2 Kh8 33. Bxd5 Rxd5 34. Rexd5 Bf6 35. Nd6 Ba6+ 36. R1d3 Qh5 37. Ke1 h6 38. Qxb6 Bxd3 39. Rxd3 Qxh2 40. Qxa5 Qxf4 41. Qd5 Bxb2 42. Kf1 Kh7 43. Rf3 Qc1+ 44. Kg2 Bxa3 45. Nf7 Qc5 46. Qd7 Qe7 47. Qxf5+ g6 48. Qf4 g5 49. Qc4 Bc5 50. Qc2+ Kg7 51. Qc3+ Kh7 52. Qc2+ Kg7 53. Qc3+ Kh7 54. Qc2+ 1/2-1/2

[Event "Regionalliga Mittelrhein 1213"]
[Site "Germany"]
[Date "2012.09.09"]
[Round "1.5"]
[White "Kohn, Sandro"]
[Black "Mueller, Hans Dieter"]
[Result "1/2-1/2"]
[WhiteElo "2131"]
[BlackElo "2051"]
[PlyCount "27"]
[EventDate "2012.09.09"]
[EventType "team"]
[EventRounds "11"]
[EventCountry "GER"]
[SourceTitle "EXT 2015"]
[Source "ChessBase"]
[SourceDate "2014.11.20"]
[SourceVersion "1"]
[SourceVersionDate "2014.11.20"]
[SourceQuality "1"]
[WhiteTeam "Godesberg II"]
[BlackTeam "Bruehl"]
[WhiteTeamCountry "GER"]
[BlackTeamCountry "GER"]

1. d4 d5 2. Nf3 e6 3. c4 c6 4. Qc2 f5 5. g3 Nf6 6. Bg2 Be7 7. 0-0 0-0 8. b3 Qe8 9. Ba3 Bxa3 10. Nxa3 Nbd7 11. Qb2 Qh5 12. Nc2 a5 13. Nce1 Rf7 14. Nd3 1/2-1/2

[Event "Mittelrhein-chT 1112"]
[Site "Germany"]
[Date "2012.05.20"]
[Round "13.4"]
[White "Maric, Boris"]
[Black "Kohn, Sandro"]
[Result "0-1"]
[WhiteElo "2017"]
[BlackElo "2135"]
[PlyCount "77"]
[EventDate "2011.09.11"]
[EventType "team-tourn"]
[EventRounds "13"]
[EventCountry "GER"]
[SourceTitle "EXT 2013"]
[Source "ChessBase"]
[SourceDate "2012.11.22"]
[SourceVersion "1"]
[SourceVersionDate "2012.11.22"]
[SourceQuality "1"]
[WhiteTeam "Gruenfeld"]
[BlackTeam "Godesberg II"]
[WhiteTeamCountry "GER"]
[BlackTeamCountry "GER"]

1. Nf3 d5 2. d4 Nf6 3. g3 c6 4. Bg2 Bg4 5. Ne5 Bh5 6. c4 e6 7. cxd5 exd5 8. 0-0 Be7 9. Nc3 0-0 10. f4 Nfd7 11. h3 f6 12. Nd3 Na6 13. f5 Bf7 14. Nf4 Nc7 15. e4 dxe4 16. Bxe4 Nb6 17. Be3 Re8 18. Qf3 Qd7 19. Rad1 Rad8 20. d5 Nbxd5 21. Bxa7 Bb4 22. Bb6 Bxc3 23. bxc3 Qe7 24. Bxd5 Bxd5 25. Nxd5 Rxd5 26. Bxc7 Rxd1 27. Rxd1 Qxc7 28. Qd3 h6 29. Kf2 Qb6+ 30. Kg2 Qa5 31. Rd2 Qe5 32. a3 Qe1 33. Qc4+ Kh7 34. Rf2 Re7 35. Qg4 Qxc3 36. a4 Qe3 37. Qg6+ Kg8 38. h4 Qe4+ 39. Kg1 0-1

[Event "Mittelrhein-chT 1112"]
[Site "Germany"]
[Date "2011.10.02"]
[Round "2.5"]
[White "Kohn, Sandro"]
[Black "Hoeren, Andreas"]
[Result "1/2-1/2"]
[WhiteElo "2135"]
[BlackElo "2103"]
[PlyCount "80"]
[EventDate "2011.09.11"]
[EventType "team-tourn"]
[EventRounds "13"]
[EventCountry "GER"]
[SourceTitle "EXT 2013"]
[Source "ChessBase"]
[SourceDate "2012.11.22"]
[SourceVersion "1"]
[SourceVersionDate "2012.11.22"]
[SourceQuality "1"]
[WhiteTeam "Godesberg II"]
[BlackTeam "Koeln Lasker"]
[WhiteTeamCountry "GER"]
[BlackTeamCountry "GER"]

1. d4 d5 2. Nf3 Nf6 3. c4 c6 4. e3 g6 5. Nc3 Bg7 6. Bd3 0-0 7. 0-0 Bg4 8. h3 Bxf3 9. Qxf3 dxc4 10. Bxc4 Nbd7 11. Bb3 e5 12. d5 Nc5 13. dxc6 e4 14. Qe2 bxc6 15. Bc2 Qe7 16. Na4 Nfd7 17. Bd2 Rab8 18. Rab1 Qe6 19. Nxc5 Nxc5 20. b3 Rfd8 21. Ba5 Rd7 22. Rfd1 Rbb7 23. Rxd7 Rxd7 24. Rd1 Rd5 25. Bb4 Bf8 26. Bc3 Qd7 27. Rxd5 Qxd5 28. Qg4 f5 29. Qf4 Qd6 30. Qh4 Be7 31. Qf4 Qxf4 32. exf4 Ne6 33. g3 Bc5 34. Kf1 Kf7 35. b4 Bb6 36. Bb3 Ke7 37. Bc4 Nd4 38. Bg8 h6 39. Bc4 Ne6 40. h4 Nd4 1/2-1/2

[Event "NRW Class1 1011"]
[Site "Germany"]
[Date "2011.01.09"]
[Round "5.5"]
[White "Kohn, Sandro"]
[Black "Fecke, Andreas"]
[Result "1/2-1/2"]
[WhiteElo "2196"]
[BlackElo "2175"]
[PlyCount "58"]
[EventDate "2010.09.26"]
[EventType "team-tourn"]
[EventRounds "9"]
[EventCountry "GER"]
[SourceTitle "EXT 2012"]
[Source "ChessBase"]
[SourceDate "2011.11.24"]
[SourceVersion "1"]
[SourceVersionDate "2011.11.24"]
[SourceQuality "1"]
[WhiteTeam "Godesberg II"]
[BlackTeam "Lippstadt Turm"]
[WhiteTeamCountry "GER"]
[BlackTeamCountry "GER"]

1. d4 d6 2. g3 Nf6 3. Bg2 Nbd7 4. c4 e5 5. Nf3 Be7 6. 0-0 0-0 7. Nc3 c6 8. e4 a6 9. Qc2 b5 10. b3 Bb7 11. h3 Re8 12. Re1 Bf8 13. Bb2 Qc7 14. Rac1 g6 15. cxb5 cxb5 16. Qb1 Qb6 17. Nd5 Nxd5 18. exd5 e4 19. Rxe4 Bxd5 20. Rxe8 Rxe8 21. Re1 Rxe1+ 22. Nxe1 Qc6 23. Qc1 Bxg2 24. Nxg2 Qe4 25. Ne3 Nf6 26. d5 Nxd5 27. Nxd5 Qxd5 28. Qc3 Qe5 29. Qxe5 dxe5 1/2-1/2

[Event "NRW Class1 1011"]
[Site "Germany"]
[Date "2010.12.19"]
[Round "4.7"]
[White "Heinichen, Nils"]
[Black "Kohn, Sandro"]
[Result "0-1"]
[WhiteElo "2042"]
[BlackElo "2196"]
[PlyCount "102"]
[EventDate "2010.09.26"]
[EventType "team-tourn"]
[EventRounds "9"]
[EventCountry "GER"]
[SourceTitle "EXT 2012"]
[Source "ChessBase"]
[SourceDate "2011.11.24"]
[SourceVersion "1"]
[SourceVersionDate "2011.11.24"]
[SourceQuality "1"]
[WhiteTeam "Wuerselen"]
[BlackTeam "Godesberg II"]
[WhiteTeamCountry "GER"]
[BlackTeamCountry "GER"]

1. d4 d5 2. c4 e6 3. Nc3 Be7 4. Nf3 Nf6 5. e3 0-0 6. Bd3 dxc4 7. Bxc4 c5 8. 0-0 Nc6 9. h3 a6 10. a4 cxd4 11. exd4 Nb4 12. Qe2 b6 13. Bg5 Bb7 14. Rad1 Nfd5 15. Bxe7 Qxe7 16. Nxd5 Nxd5 17. Qe5 Qb4 18. Bd3 Qxa4 19. Qe4 g6 20. Qh4 f6 21. Qg4 Qd7 22. Rfe1 Rae8 23. Nh4 f5 24. Qg5 Qe7 25. Qg3 Qc7 26. Re5 Nf6 27. Rde1 Qf7 28. Bc4 Ne4 29. Qe3 b5 30. Bb3 Bd5 31. f3 Nf6 32. Bxd5 Nxd5 33. Qd2 Qf6 34. Qf2 Nf4 35. R1e3 Kf7 36. Qg3 Nd5 37. Ra3 g5 38. Nxf5 exf5 39. Rxd5 f4 40. Qg4 Re1+ 41. Kh2 Kg6 42. h4 h6 43. h5+ Kg7 44. Rd7+ Rf7 45. Rc3 Rxd7 46. Qxd7+ Re7 47. Qd5 g4 48. g3 Re2+ 49. Kg1 Re1+ 50. Kf2 Qe7 51. Rc7 fxg3+ 0-1

[Event "Oberliga NRW 0809"]
[Site "Germany"]
[Date "2008.11.09"]
[Round "3.3"]
[White "Mueller, Michael2222"]
[Black "Kohn, Sandro"]
[Result "1-0"]
[WhiteElo "2226"]
[BlackElo "2167"]
[PlyCount "151"]
[EventDate "2008.09.21"]
[EventType "team-tourn"]
[EventRounds "9"]
[EventCountry "GER"]
[SourceTitle "EXT 2010"]
[Source "ChessBase"]
[SourceDate "2010.11.25"]
[SourceVersion "1"]
[SourceVersionDate "2010.11.25"]
[SourceQuality "1"]
[WhiteTeam "Lippstadt Turm"]
[BlackTeam "Godesberg II"]
[WhiteTeamCountry "GER"]
[BlackTeamCountry "GER"]

1. d4 d5 2. Nf3 Nf6 3. Bf4 Bf5 4. e3 e6 5. Bd3 Bxd3 6. Qxd3 c5 7. c3 Nc6 8. Nbd2 Be7 9. h3 0-0 10. 0-0 Qb6 11. Rab1 Rac8 12. Rfe1 Rfd8 13. a3 a6 14. g4 Qa7 15. g5 Nd7 16. h4 Bf8 17. h5 g6 18. hxg6 hxg6 19. Qf1 Bg7 20. Qh3 e5 21. dxe5 Ndxe5 22. Bxe5 Nxe5 23. Nxe5 Bxe5 24. Nf3 Bg7 25. Rbd1 b5 26. Rxd5 Qb7 27. Red1 Rxd5 28. Rxd5 Qxd5 29. Qxc8+ Bf8 30. Kg2 Qe4 31. Qb8 a5 32. Qf4 Qd5 33. e4 Qb3 34. Qd2 Qe6 35. Qe3 Qg4+ 36. Kf1 Be7 37. Ke2 Qe6 38. Qd3 Qb3 39. Qd2 b4 40. cxb4 axb4 41. axb4 cxb4 42. Qc1 Qe6 43. Qe3 Qc4+ 44. Qd3 Qc1 45. Qb3 Qc6 46. Qd5 Qc2+ 47. Ke3 Bc5+ 48. Kf4 Qxf2 49. Qd8+ Kh7 50. Qd2 b3 51. Qc3 Qc2 52. Qf6 Kg8 53. Qd8+ Kg7 54. Qd5 Qc1+ 55. Kg4 Qe3 56. e5 Be7 57. Qc4 Bc5 58. Qd5 Be7 59. Qc6 Bb4 60. Qf6+ Kg8 61. Qf4 Qxf4+ 62. Kxf4 Bc5 63. Ke4 Kf8 64. Kd5 Be3 65. Kc4 Ke7 66. Kxb3 Ke6 67. Kc4 Kf5 68. Kd5 Kf4 69. Nd4 Kxg5 70. b4 Kf4 71. b5 Bxd4 72. Kxd4 g5 73. b6 g4 74. b7 g3 75. b8Q g2 76. Qg8 1-0

[Event "Oberliga NRW 0809"]
[Site "Germany"]
[Date "2008.10.12"]
[Round "2.3"]
[White "Kohn, Sandro"]
[Black "Wengenroth, Walter"]
[Result "1/2-1/2"]
[WhiteElo "2167"]
[BlackElo "2332"]
[PlyCount "96"]
[EventDate "2008.09.21"]
[EventType "team-tourn"]
[EventRounds "9"]
[EventCountry "GER"]
[SourceTitle "EXT 2010"]
[Source "ChessBase"]
[SourceDate "2010.11.25"]
[SourceVersion "1"]
[SourceVersionDate "2010.11.25"]
[SourceQuality "1"]
[WhiteTeam "Godesberg II"]
[BlackTeam "Duisburg"]
[WhiteTeamCountry "GER"]
[BlackTeamCountry "GER"]

1. Nf3 Nf6 2. d4 e6 3. c4 b6 4. Nc3 Bb4 5. e3 Bb7 6. Bd3 Ne4 7. 0-0 Bxc3 8. bxc3 f5 9. Ne1 Nxc3 10. Qh5+ g6 11. Qh6 Qf6 12. f3 c5 13. a4 Bc6 14. Ra3 cxd4 15. exd4 Qxd4+ 16. Be3 Qf6 17. Nc2 Qf8 18. Rxc3 Qxh6 19. Bxh6 Bxa4 20. Nd4 Nc6 21. Nb5 Bxb5 22. cxb5 Nb4 23. Be2 Nd5 24. Ra3 Ke7 25. Bc4 Nf6 26. Rfa1 Rhc8 27. Bf1 Rc7 28. Bg5 e5 29. Re1 Ke6 30. Rea1 d5 31. Ra6 Nd7 32. Re1 d4 33. Ra2 Kd5 34. Kf2 Rac8 35. Rea1 e4 36. Rxa7 Ne5 37. Rxc7 Rxc7 38. Bf4 Rc2+ 39. Kg3 d3 40. Ra8 Nc4 41. fxe4+ fxe4 42. Rh8 Rb2 43. Rxh7 Rxb5 44. Rg7 Rb1 45. Kf2 Rb2+ 46. Kg3 Rb1 47. Kf2 Rb2+ 48. Kg3 Rb1 1/2-1/2

[Event "Oberliga Wuerttemberg 0708"]
[Site "Wuerttemberg"]
[Date "2008.03.09"]
[Round "7.6"]
[White "Kalnins, Andris"]
[Black "Kohn, Sandro"]
[Result "1/2-1/2"]
[WhiteElo "2080"]
[BlackElo "2162"]
[PlyCount "102"]
[EventDate "2007.10.07"]
[EventType "team-tourn"]
[EventRounds "9"]
[EventCountry "GER"]
[SourceTitle "EXT 2018"]
[Source "ChessBase"]
[SourceDate "2017.10.13"]
[SourceVersion "1"]
[SourceVersionDate "2017.10.13"]
[SourceQuality "1"]
[WhiteTeam "Wolfbusch"]
[BlackTeam "Schwaebisch Gmuend"]
[WhiteTeamCountry "GER"]
[BlackTeamCountry "GER"]

1. Nf3 d5 2. g3 c6 3. Bg2 Bg4 4. b3 Nf6 5. Bb2 e6 6. Ne5 Bh5 7. d3 Be7 8. Nd2 0-0 9. 0-0 Nfd7 10. Ndf3 Nxe5 11. Nxe5 Nd7 12. Nxd7 Qxd7 13. h3 Bd6 14. Qe1 e5 15. e4 dxe4 16. dxe4 Rad8 17. Qe3 b6 18. g4 Bg6 19. Rfd1 f6 20. Rd3 Qe7 21. Rad1 Bc7 22. Qc1 Rxd3 23. Rxd3 Rd8 24. Ba3 Qe8 25. Qd2 Bf7 26. Bf1 h5 27. Rxd8 Qxd8 28. Qxd8+ Bxd8 29. Bd6 hxg4 30. hxg4 Be6 31. Be2 Kf7 32. Bb4 Be7 33. Bd2 Bc5 34. b4 Bd6 35. a3 Ke7 36. f3 Bc7 37. Be3 a5 38. Kf2 axb4 39. axb4 b5 40. Bc5+ Bd6 41. Ke3 Bxc5+ 42. bxc5 Kf7 43. f4 exf4+ 44. Kxf4 g5+ 45. Ke3 Ba2 46. Kd4 Ke6 47. Bd1 Bc4 48. c3 Ba2 49. Be2 Bb3 50. Bf3 Bc4 51. Bd1 Ba2 1/2-1/2

[Event "Oberliga Wuerttemberg 0708"]
[Site "Wuerttemberg"]
[Date "2008.02.10"]
[Round "6.8"]
[White "Kohn, Sandro"]
[Black "Belzner, Helmut"]
[Result "1-0"]
[WhiteElo "2162"]
[BlackElo "2021"]
[PlyCount "103"]
[EventDate "2007.10.07"]
[EventType "team-tourn"]
[EventRounds "9"]
[EventCountry "GER"]
[SourceTitle "EXT 2018"]
[Source "ChessBase"]
[SourceDate "2017.10.13"]
[SourceVersion "1"]
[SourceVersionDate "2017.10.13"]
[SourceQuality "1"]
[WhiteTeam "Schwaebisch Gmuend"]
[BlackTeam "Rommelshausen"]
[WhiteTeamCountry "GER"]
[BlackTeamCountry "GER"]

1. Nf3 d5 2. d4 Nf6 3. c4 e6 4. Bg5 Be7 5. e3 0-0 6. Nc3 h6 7. Bh4 b6 8. Be2 Bb7 9. Bxf6 Bxf6 10. cxd5 exd5 11. b4 a6 12. a4 c6 13. 0-0 Re8 14. Qb3 b5 15. Rfe1 Qd6 16. Bd3 Nd7 17. e4 dxe4 18. Nxe4 Qf4 19. a5 Rad8 20. Bc2 g6 21. g3 Qg4 22. Nd6 Rxe1+ 23. Rxe1 c5 24. Nxb7 c4 25. Qe3 Rb8 26. Qe4 Qxe4 27. Bxe4 Be7 28. Nc5 Nxc5 29. dxc5 Bf6 30. c6 Bc3 31. Rd1 Rc8 32. Rb1 Kg7 33. Kf1 Kf6 34. Ne1 Ke5 35. Bf3 g5 36. Nc2 g4 37. Bg2 f5 38. Rd1 f4 39. gxf4+ Kxf4 40. Rd7 h5 41. Ne3 Be5 42. Nd5+ Kg5 43. c7 c3 44. Be4 h4 45. Rd8 Rxc7 46. Nxc7 Bxc7 47. Ra8 Bd6 48. Rxa6 Bxb4 49. Rb6 Bxa5 50. Rxb5+ Kf4 51. Rxa5 Kxe4 52. Ke2 1-0

[Event "NRW Class1 0304"]
[Site "Germany"]
[Date "2003.10.12"]
[Round "2.5"]
[White "Kohn, Sandro"]
[Black "Heuermann, Heinz Burkhard"]
[Result "1/2-1/2"]
[WhiteElo "2146"]
[BlackElo "2035"]
[PlyCount "102"]
[EventDate "2003.09.28"]
[EventType "team"]
[EventRounds "9"]
[EventCountry "GER"]
[SourceTitle "CBM 098 Extra"]
[Source "ChessBase"]
[SourceDate "2004.03.10"]
[SourceVersion "2"]
[SourceVersionDate "2004.03.10"]
[SourceQuality "1"]
[WhiteTeam "Godesberg II"]
[BlackTeam "Herford"]
[WhiteTeamCountry "GER"]
[BlackTeamCountry "GER"]

1. Nf3 d5 2. d4 g6 3. g3 Bg7 4. Bg2 c6 5. 0-0 f5 6. c4 Nf6 7. Ne5 0-0 8. Nd2 Nbd7 9. Ndf3 Ne4 10. Nxd7 Bxd7 11. Qd3 Be8 12. Bf4 h6 13. Be5 Bf7 14. b3 Rc8 15. Bxg7 Kxg7 16. Ne5 Nf6 17. Rac1 Qd6 18. f4 Rfd8 19. c5 Qc7 20. b4 Be8 21. e3 Ra8 22. a4 a6 23. Bf3 h5 24. h3 Nd7 25. g4 hxg4 26. hxg4 Nxe5 27. dxe5 Bd7 28. Qd4 Kf7 29. g5 e6 30. Kg2 Rh8 31. Rh1 Kg7 32. Be2 Rxh1 33. Rxh1 Rh8 34. Qd1 Qd8 35. Kf2 Rxh1 36. Qxh1 Qh8 37. Qxh8+ Kxh8 38. Ke1 Kg7 39. Kd2 Kf8 40. Kc3 Ke7 41. Bd1 Be8 42. Bc2 Kd8 43. Kd4 Kc7 44. Bd3 Kb8 45. Bc2 Kc7 46. Bb3 Kb8 47. Bd1 Kc7 48. Bf3 Kb8 49. Bg2 Kc7 50. Bh3 Kb8 51. Bf1 Kc7 1/2-1/2

[Event "Oberliga NRW 0203 I"]
[Site "Germany"]
[Date "2003.02.16"]
[Round "6.5"]
[White "Werbeck, Torsten"]
[Black "Kohn, Sandro"]
[Result "1/2-1/2"]
[WhiteElo "2242"]
[BlackElo "2149"]
[PlyCount "57"]
[EventDate "2002.10.06"]
[EventType "team"]
[EventRounds "9"]
[EventCountry "GER"]
[SourceTitle "EXT 2004"]
[Source "ChessBase"]
[SourceDate "2003.11.25"]
[SourceVersion "1"]
[SourceVersionDate "2003.11.25"]
[SourceQuality "1"]
[WhiteTeam "Krefeld"]
[BlackTeam "Godesberg II"]
[WhiteTeamCountry "GER"]
[BlackTeamCountry "GER"]

1. d4 d5 2. Nf3 Nf6 3. c4 e6 4. Nc3 Be7 5. Bg5 0-0 6. e3 Nbd7 7. Bd3 h6 8. Bh4 a6 9. cxd5 exd5 10. 0-0 c6 11. Rb1 Ne8 12. Bxe7 Qxe7 13. b4 Nd6 14. a4 Nb6 15. Ne5 Nbc4 16. Bxc4 Nxc4 17. Nxc4 dxc4 18. Qf3 Re8 19. b5 axb5 20. axb5 c5 21. b6 Ra3 22. Nb5 Rb3 23. Qd5 cxd4 24. Nxd4 Rc3 25. Qa5 Ra3 26. Qd5 Rc3 27. Qa5 Ra3 28. Qd5 Rc3 29. Qa5 1/2-1/2

[Event "Oberliga NRW 0203 I"]
[Site "Germany"]
[Date "2002.12.08"]
[Round "3.4"]
[White "Wisskirchen, Andreas"]
[Black "Kohn, Sandro"]
[Result "1/2-1/2"]
[WhiteElo "2252"]
[BlackElo "2149"]
[PlyCount "47"]
[EventDate "2002.10.06"]
[EventType "team"]
[EventRounds "9"]
[EventCountry "GER"]
[SourceTitle "EXT 2004"]
[Source "ChessBase"]
[SourceDate "2003.11.25"]
[SourceVersion "1"]
[SourceVersionDate "2003.11.25"]
[SourceQuality "1"]
[WhiteTeam "Koeln KKS"]
[BlackTeam "Godesberg II"]
[WhiteTeamCountry "GER"]
[BlackTeamCountry "GER"]

1. d4 d5 2. c4 e6 3. Nc3 Be7 4. Nf3 Nf6 5. Bg5 0-0 6. e3 Nbd7 7. Rc1 h6 8. Bh4 a6 9. cxd5 exd5 10. Bd3 c6 11. Qc2 Ne8 12. Bg3 Bd6 13. 0-0 Bxg3 14. hxg3 Nd6 15. Na4 Re8 16. Nc5 Nf6 17. Ne5 Ng4 18. Bh7+ Kf8 19. Nxg4 Bxg4 20. Bd3 Kg8 21. a4 Qg5 22. b4 Rac8 23. Qd2 Bf5 24. Bxf5 1/2-1/2